000 00256nam a2200109Ia 4500
008 220204s9999 xx 000 0 und d
082 _a336.71
_bPER
100 _aPERRY, F E
245 0 _aElements of banking
260 _aLondon
_bMethuen
_c1977
942 _cBK
999 _c27986
_d27986